000 00694nam a22002417a 4500
003 UA-OsUOA
001 109272
007 ta
008 20141209b un ||||| |||| 00| 0 ukr d
100 _aМаркова С. В.
090 _a94(477)"1932/1933"
_bМ26
942 _cBK
040 _aUA-OsUOA
_bukr
_cUA-OsUOA
_dUA-OsUOA
245 _aГолодомор 1932 - 1933 років на Поділлі
_bмонографія
300 _a116 с.
955 _a1
041 _aukr
080 _a94(477)"1932/1933"
020 _a966-608-269-1
260 _aК.
_bМАУП
_c2003
650 7 _a9 Географія. Біографії. Історія
_2UDC
999 _c395890
_d395890